[Event "36 Abierto Ciudad de Sevilla"]
[Site "?"]
[Date "2011.01.09"]
[Round "3"]
[White "Lemos, Damian"]
[Black "Garcia Jimenez, Fco Javie"]
[Result "1-0"]
[WhiteElo "2553"]
[BlackElo "2274"]
[PlyCount "59"]
[EventDate "2011.01.09"]
[SourceDate "2011.01.07"]

1. d4 d5 2. Nf3 Nf6 3. c4 c6 4. Nc3 a6 5. a4 e6 6. Bf4 a5 7. e3 Na6 8. Be2 Be7
9. O-O (9. h3 b6 10. O-O Bb7 11. Rc1 O-O 12. Ne5 Nb4 13. Qd2 c5 14. Rfd1 Rc8
15. Bf3 Ba8 16. Nb5 dxc4 17. Bxa8 Rxa8 18. Rxc4 Nfd5 19. Bg3 cxd4 20. e4 Nf6
21. Rxd4 Qc8 22. Nd7 Nxd7 23. Rxd7 Bc5 24. Nc7 Ra7 25. Qg5 h6 26. Qg4 g6 27.
Qh4 {1-0 Stocek,J (2586)-Manik,M (2512)/Slovakia 2005}) 9... O-O 10. h3 Nb4 11.
Qb1 Nh5 ({razonable es intentar desarrollar el Ac8 con} 11... b6) 12. Bh2 f5
13. Na2 Nxa2 14. Qxa2 Nf6 15. Qb3 Kh8 16. Ne5 Qe8 17. Qc2 Nd7 18. Nd3 {
sin facilitar simplificaciones} g5 $6 {
debilita su posición en lugar de mejorar sus piezas} 19. f3 Qg6 20. Kh1 (20.
Qc3) 20... dxc4 (20... f4 $5 21. exf4 gxf4) 21. Qxc4 Nb6 22. Qb3 Nd5 23. e4 Nf6
(23... fxe4 24. Be5+ Kg8 25. fxe4 Qxe4 26. Bh5 Qh4 27. Rxf8+ Bxf8 28. Bg4 $14)
24. Ne5 (24. Be5 fxe4 25. Nc5 $18) 24... Qg8 25. Nc4 {Diagrama #} Nd7 (25... f4
26. Nb6 Rb8 27. Bc4 $18) 26. Nd6 Bxd6 27. Bxd6 Rf6 (27... Re8 28. Bc4 f4 29.
Rfd1 $18) 28. exf5 exf5 29. Bc4 Qd8 30. Qa3 1-0

[Event "36 Abierto Ciudad de Sevilla"]
[Site "?"]
[Date "2011.01.09"]
[Round "3"]
[White "Ladron de Guevara PInto, Paolo"]
[Black "Rizouk, Aimen"]
[Result "0-1"]
[WhiteElo "2267"]
[BlackElo "2539"]
[PlyCount "68"]
[EventDate "2011.01.09"]
[SourceDate "2011.01.07"]

1. e4 e5 2. Nf3 Nc6 3. Bb5 a6 4. Ba4 Nf6 5. O-O Be7 6. Re1 b5 7. Bb3 O-O 8. d4
d6 9. c3 Bg4 10. Be3 exd4 11. cxd4 d5 12. e5 Ne4 13. Nc3 Nxc3 14. bxc3 Qd7 15.
h3 Bh5 16. g4 Bg6 17. Nd2 f5 18. f4 ({
La Arencibia-Servat, Matanzas 95 fue tablas tras} 18. Qf3 Rad8 19. Qg3 Na5 20.
Bf4 Qe6 21. g5 c5 22. Bd1 c4 23. Bf3 b4 24. Bg2 Rb8 25. Rab1 Bf7 26. Nf1 Rb5
27. Ne3 Qd7 28. Qf3 Rd8 29. cxb4 Bxb4 30. Red1 Be6 31. h4 Be7 32. h5 Nc6 33.
Rxb5 axb5 34. a3 Qa7 35. Nc2 Qa4 36. Qe2 Qb3 37. Bc1) 18... Na5 19. Bc2 b4 {
otra idea es Tac8 y c5} 20. cxb4 Bxb4 21. Rf1 (21. a3 $5 Be7 (21... Bc3 22. Ba4
c6 23. Rc1 Bb2 24. Rc5)) 21... c5 (21... Rac8 $13) 22. dxc5 Kh8 23. Nb3 (23.
Rb1 Bxd2 24. Qxd2 Nc4 25. Qe2 $16) 23... Nxb3 (23... Nc4) 24. Bxb3 fxg4 {
Diagrama #} 25. hxg4 $6 (25. Qxd5 Qf5 26. hxg4 Qxg4+ 27. Qg2 $18) 25... Be4 26.
a3 Qe7 27. axb4 Qh4 28. Rf3 Qxg4+ 29. Kf2 d4 30. Bc2 $2 (30. Bd2 Qh4+ 31. Kg1
Qg4+ 32. Kf2 $11) 30... Qh4+ {Diagrama #} 31. Ke2 $2 (31. Kg2 Bxf3+ 32. Qxf3
dxe3 33. Rh1 Qxf4 34. Rxh7+ Kg8 35. Qd5+ Qf7 36. Qxf7+ Rxf7 37. Bb3 Kxh7 38.
Bxf7 $15) 31... Bxf3+ $19 32. Kxf3 Qh3+ 33. Ke4 Qxe3+ 34. Kd5 d3 0-1

[Event "36 Abierto Ciudad de Sevilla"]
[Site "?"]
[Date "2011.01.09"]
[Round "3"]
[White "Romero Sanchez, Jesus"]
[Black "Lalic, Bogdan"]
[Result "1/2-1/2"]
[WhiteElo "2144"]
[BlackElo "2491"]
[PlyCount "37"]
[EventDate "2011.01.09"]
[SourceDate "2011.01.07"]

1. d4 Nf6 2. c4 c5 3. d5 b5 4. cxb5 a6 5. bxa6 Bxa6 6. Nc3 d6 7. Nf3 g6 8. g3
Bg7 9. Bg2 Nbd7 10. Rb1 O-O 11. O-O Qa5 12. Qc2 Rfb8 13. Rd1 Ne8 14. Bg5 {
El propio Lalic prefirió jugar con blancas 14.Ad2 en Albox 2002} Kf8 {
Diagrama #} 15. Bd2 {También se ha jugado 15.Dc1 o 15.Dd2. Jesús había
preparado todo por la mañana y le gustó el plan b3-a4 consolidando su flanco
de dama} Nc7 16. b3 Qa3 {En parte porque la posición blanca es buena y en
parte porque su rival había jugado prácticamente al toque, Bogdan eligió
tantear las tablas} 17. Bc1 Qa5 18. Bd2 Qa3 19. Bc1 1/2-1/2

[Event "36 Abierto Ciudad de Sevilla"]
[Site "?"]
[Date "2011.01.09"]
[Round "3"]
[White "Corrales Jimenez, Fidel"]
[Black "Lanzani, Mario"]
[Result "0-1"]
[WhiteElo "2591"]
[BlackElo "2359"]
[PlyCount "94"]
[EventDate "2011.01.09"]
[SourceDate "2011.01.07"]

1. e4 e5 2. Nf3 Nc6 3. Bb5 Nf6 4. d4 Nxe4 5. d5 {
eludiendo las líneas más conocidas de la variante Berlinesa de la Española} Nd6
6. Nc3 Nxb5 7. Nxb5 a6 8. Nc3 Ne7 9. Nxe5 d6 10. Nf3 Bg4 11. h3 Bxf3 12. Qxf3
Ng6 13. h4 $5 Qe7+ $6 ({era preferible} 13... Be7 14. h5 Ne5 15. Qg3 Bf6 16.
Bf4 O-O 17. O-O-O $14) 14. Be3 Nxh4 15. Qg4 Ng6 16. O-O-O Qd7 17. Qd4 {
la posición blanca es excelente} f5 ({si} 17... c5 18. dxc6 bxc6 19. Rhe1 O-O-O
20. Na4 Qc7 21. Qg4+ Kb8 22. Bb6 $18) 18. Rh5 ({también} 18. Rde1 Kf7 19. Rh5
Re8 20. Reh1 $16) 18... Ne5 (18... c5 19. dxc6 bxc6 20. Re1) 19. Bf4 Be7 {
Diagrama #} 20. Rdh1 ({tal vez era más preciso} 20. Bxe5 dxe5 21. Qxe5 O-O 22.
Qg3 $16) 20... h6 (20... Bf6 21. Rxh7 Rxh7 22. Rxh7 Ng4 23. Qd2 O-O-O) 21. Qe3
$6 ({era mejor} 21. Bxe5 dxe5 22. Qxe5 O-O 23. Qg3) 21... Ng4 22. Qd2 Bf6 {
el negro resolvió su problema y las dos torres blancas ni siquiera atacan a un
enroque} 23. R5h3 (23. f3 Ne5) 23... O-O (23... O-O-O {era aún mejor}) 24. Nd1
$6 ({a considerar} 24. f3 Bxc3 (24... Ne5 25. Rg3 $13 ({no da nada} 25. Bxh6
gxh6 26. Qxh6 Kf7 27. Qh5+ Ke7 28. f4 Ng4 29. Re1+ Kd8 30. Re6 Qg7 $19)) 25.
bxc3 Nf6 26. Rg3) 24... Rae8 25. f3 Ne5 {Diagrama #} 26. Rh5 $2 ({
era imprescindible} 26. Bxh6 Nc4 ({si} 26... gxh6 27. Qxh6 f4 ({o} 27... Qg7
28. Rg3 Ng4 29. Qxg7+ Bxg7 30. fxg4 f4 31. Rf3) 28. Qh8+ Bxh8 29. Rxh8+ Kf7 30.
R8h7+ Kf6 31. R1h6+ Kg5 (31... Ng6 32. Rxd7 $16) 32. Rh5+ $11) 27. Qb4 Qb5 28.
Qxb5 axb5 29. Bf4 $15) 26... Qa4 $17 (26... Nc4 $1 27. Qb4 Qb5 28. Qxb5 axb5
29. b3 Nb6 30. Ne3 Be5 31. Bxe5 Rxe5 $19) 27. Nc3 (27. Kb1 Nc4 28. Qc1 Re2 $19)
27... Qd7 $6 (27... Qa5 $17) 28. b3 Ng6 $17 29. Be3 Qe7 30. Nd1 Qe5 $6 (30...
c6 $17) 31. c3 c6 $6 (31... Ne7 32. Bd4 Qxd5 33. Rxh6 Bxd4 34. Rh8+ Kf7 35.
Rxf8+ Rxf8 36. cxd4 c5 $15) 32. dxc6 bxc6 $13 33. g4 Qa5 $6 {Diagrama #} (33...
Qd5 34. Qxd5+ cxd5 35. gxf5 (35. Rxf5 Bxc3 36. Rxf8+ Kxf8 37. Bxh6 Bb4 38. Be3
Ne5) 35... Ne5) 34. g5 $2 (34. Bxh6 Ne5 (34... gxh6 $2 35. Qxh6 $18) 35. Bf4
$14) 34... hxg5 35. Bxg5 Qd5 36. Qg2 $2 (36. Qxd5+ cxd5 37. Bxf6 Rxf6 38. Kd2
Rfe6 $17) 36... Qd3 $19 37. Be3 (37. R5h2 Bxc3 38. Qc2 Qxc2+ 39. Rxc2 Bd4 $19)
37... f4 38. Qd2 Rxe3 39. Nxe3 Qxe3 40. Kc2 Re8 41. R5h3 Qxd2+ 42. Kxd2 Re3 43.
c4 Ne5 44. Kc1 Re2 45. R1h2 Rxh2 46. Rxh2 Nxf3 47. Rh5 g5 0-1

[Event "36 Abierto Ciudad de Sevilla"]
[Site "?"]
[Date "2011.01.09"]
[Round "3"]
[White "Spraggett, Kevin"]
[Black "Sgnaolin, Davide"]
[Result "1-0"]
[WhiteElo "2575"]
[BlackElo "2290"]
[PlyCount "71"]
[EventDate "2011.01.09"]
[SourceDate "2011.01.07"]

1. d4 d5 2. c4 e6 3. Nf3 c5 4. cxd5 exd5 5. g3 Nc6 6. Bg2 Nf6 7. O-O Be7 8. Nc3
O-O 9. Bf4 c4 10. Ne5 Be6 11. Nxc4 dxc4 12. d5 Nxd5 13. Nxd5 Bxd5 14. Bxd5 ({
también es jugable} 14. Qxd5 Qb6 15. Qxc4 Qxb2 16. Rab1) 14... Bf6 15. Bxc4
Bxb2 16. Qxd8 Raxd8 17. Rab1 Be5 {
Spraggett logró la pareja de alfiles y la conservará hasta el final} 18. Bg5
Rd7 19. Rfd1 Rc7 20. Bd5 h6 21. Be3 b6 22. f4 Bf6 23. Bf2 Rd8 24. e4 Rcd7 25.
Kf1 Ne7 26. Bb3 Rxd1+ 27. Rxd1 Rxd1+ 28. Bxd1 Bb2 29. Ke2 Kf8 30. Kd3 Ke8 31.
Bh5 g6 32. Bd1 Kd7 33. h4 f6 34. Be3 Kd6 35. g4 Nc6 36. Kc4 {
Diagrama # Ilegible} 1-0

[Event "36 Abierto Ciudad de Sevilla"]
[Site "?"]
[Date "2011.01.09"]
[Round "3"]
[White "Kovacevic, Slobodan"]
[Black "Mirzoev, Azer"]
[Result "1-0"]
[WhiteElo "2330"]
[BlackElo "2563"]
[PlyCount "107"]
[EventDate "2011.01.09"]
[SourceDate "2011.01.07"]

1. d4 d5 2. Bf4 c5 3. e3 Nc6 4. c3 Nf6 5. Nd2 Bf5 6. Qb3 Qc8 7. dxc5 e6 8. Bd6
Bxd6 9. cxd6 O-O 10. Ngf3 Rd8 11. Nd4 Bg6 12. N2f3 Ne4 13. Be2 Nxd6 14. O-O Na5
15. Qd1 Nac4 16. b3 Nb6 17. Rc1 Qc5 18. Ne5 Ne4 19. Bd3 {Diagrama #} Nf6 $6 (
19... Nd7) 20. Bxg6 hxg6 21. Nxg6 fxg6 22. Nxe6 Qe7 23. Nxd8 Rxd8 24. Qd4 {
los caballos no tienen buenos puntos de apoyo centrales por lo que las torres
serán superiores cuando seactiven} Ne4 25. Rc2 Nd6 26. Rd1 Nf5 27. Qg4 Rd6 28.
h3 Kh7 29. Qb4 Qc7 30. Qf4 Qc6 31. Rd3 Re6 32. Rcd2 Re4 33. Qg5 a5 34. g4 Nh6
35. c4 Qc5 36. Rd4 Re8 37. Kg2 Nf7 38. Qf4 Ne5 39. cxd5 $18 Nbd7 40. g5 Rf8 41.
Qh4+ Kg8 42. f4 Qc1 43. Qg3 Nf7 44. Qg4 Nc5 45. Qd1 Qa3 46. d6 Nd7 47. Qc2 b5
48. Qxg6 Qc1 49. Qe6 Nc5 50. Qd5 Kh7 51. d7 Nd8 52. f5 g6 53. Rh4+ Kg7 54. f6+
1-0

[Event "36 Abierto Ciudad de Sevilla"]
[Site "?"]
[Date "2011.01.09"]
[Round "3"]
[White "Burgos Figueroa, Carlos E."]
[Black "Matamoros Franco, Carlos S."]
[Result "0-1"]
[WhiteElo "2280"]
[BlackElo "2545"]
[PlyCount "64"]
[EventDate "2011.01.09"]
[SourceDate "2011.01.07"]

1. e4 c6 2. d4 d5 3. exd5 cxd5 4. Bd3 Nc6 5. c3 Qc7 6. Ne2 Bg4 7. f3 Bd7 8. Qb3
({Agustín García prefirió jugar 8.Ca3 ante Jordi Magem en 1995:} 8. Na3 a6 9.
O-O e6 10. Bf4 Bd6 11. Bxd6 Qxd6 12. Nc2 Nge7 13. Qe1 O-O 14. Qh4 Ng6 15. Bxg6
hxg6 16. f4 Ne7 17. Ne3 f6 18. Qf2 a5 19. Nc1 Bb5 20. Rd1 Qd7 21. Nd3 b6 22.
Rd2 Nc8 23. Qg3 Kf7 24. Ng4 Bxd3 25. Qxd3 Nd6 26. Re2 Rh8 27. h3 b5 28. Rae1
Rhe8 29. Nh2 b4 30. Nf3 Qb5 31. Qc2 bxc3 32. Qxc3 Rac8 33. Qa3 Rc6 34. Kh2 Ne4
35. Nd2 Nd6 36. Qf3 Nf5 37. Qb3 Nxd4 38. Qxb5 Nxb5 39. Nf3 Rec8 40. a4 Nc7 41.
Nd4 Rc4 42. Nxe6 Rxa4 43. Nc5 Rxf4 44. Re7+ Kg8 45. Rd7 Rc4 46. Ree7 Rxc5 47.
Rxg7+ {1/2-1/2}) 8... e5 $1 {lo más activo} 9. Qxd5 Nf6 10. Qc4 b5 $1 11. Qb3 (
11. Qxb5 $2 Nb4) 11... exd4 12. O-O Bc5 13. Kh1 O-O 14. Bg5 Qe5 15. f4 Qd6 16.
Bxf6 gxf6 (16... Qxf6 17. Qd5 $14) 17. Rf3 (17. Na3 $5) 17... Rae8 18. Nd2 f5
19. Ng3 $6 (19. Rg3+ Kh8 20. Nf3 $14) 19... dxc3 20. bxc3 (20. Qxc3 Nd4) 20...
Ne7 (20... b4) 21. Nh5 (21. Bxb5 Rb8 22. Rd3 Be6 23. Qa4 $14) 21... Bc6 22.
Rg3+ Kh8 23. Rd1 $6 (23. c4 b4 24. Nf3) 23... Nd5 {Diagrama #} (23... Qh6 24.
Rh3 Rg8 25. Bf1 Qg6 26. Ng3 Nd5 $17) 24. Ng7 $2 (24. Bxb5 $1 Bxb5 25. Nf3 $1
Be2 26. Rxd5 Bxf3 27. gxf3) 24... Ne3 $19 25. Nxe8 Qxd3 26. Nf6 Qe2 27. Rg1
Nxg2 28. Nde4 Bxe4 29. Nxe4 Qxe4 30. R1xg2 Qe1+ 31. Rg1 Bxg1 32. Rxg1 Qe4+ 0-1

[Event "36 Abierto Ciudad de Sevilla"]
[Site "?"]
[Date "2011.01.09"]
[Round "3"]
[White "Dizdar, Goran"]
[Black "Codenotti, Marco"]
[Result "1-0"]
[WhiteElo "2544"]
[BlackElo "2264"]
[PlyCount "85"]
[EventDate "2011.01.09"]
[SourceDate "2011.01.07"]

1. Nf3 Nf6 2. g3 g6 3. b3 c5 4. c4 Bg7 5. Bb2 b6 6. Bg2 Bb7 7. O-O O-O 8. d4
cxd4 9. Qxd4 d5 10. cxd5 Qxd5 11. Qh4 Qh5 12. Qxh5 Nxh5 13. Bxg7 Kxg7 14. Rc1
Na6 15. Ne5 Bxg2 16. Kxg2 Rac8 17. Nd2 Nb4 18. Ndc4 Rfd8 19. a3 {Diagrama #}
Nc6 $2 (19... Na6) 20. Nxb6 axb6 21. Rxc6 Rxc6 22. Nxc6 Rd2 23. Nxe7 Rb2 24. b4
Rxe2 25. Nd5 Re6 26. a4 Rd6 27. Nc7 Rc6 28. Nb5 Nf6 29. a5 bxa5 30. bxa5 Nd5
31. a6 Nb6 32. a7 Na8 33. Kf3 Kf6 34. Ke3 Rc5 35. Nd6 Ke7 36. Ne4 Rd5 37. Ra6
h5 38. h4 Rd7 39. f3 Rd5 40. Nc3 Rd7 41. Ke4 Rd2 42. Nd5+ Ke8 43. Rc6 1-0

[Event "36 Abierto Ciudad de Sevilla"]
[Site "?"]
[Date "2011.01.09"]
[Round "3"]
[White "Abbasov, Farid"]
[Black "Solic, Kristina"]
[Result "1-0"]
[WhiteElo "2537"]
[BlackElo "2243"]
[PlyCount "51"]
[EventDate "2011.01.09"]
[SourceDate "2011.01.07"]

1. d4 d5 2. c4 c6 3. Nf3 Nf6 4. Qb3 dxc4 5. Qxc4 Bf5 6. g3 e6 7. Bg2 Nbd7 8.
O-O Be7 9. Nc3 O-O 10. Re1 Ne4 11. Qb3 Nb6 12. a4 Nxc3 13. bxc3 Be4 14. a5 Qd5
15. Qxd5 Nxd5 16. Bd2 c5 17. Ne5 Bxg2 18. Kxg2 $16 cxd4 19. cxd4 Rfc8 20. Reb1
Rc7 21. Rb2 Rac8 22. Rab1 b6 23. e4 Nf6 24. Kf3 Nd7 25. Nd3 Rc2 26. Ke3 {
Diagrama # Ilegible} 1-0

[Event "36 Abierto Ciudad de Sevilla"]
[Site "?"]
[Date "2011.01.09"]
[Round "3"]
[White "Prados Montano, Antonio"]
[Black "Haslinger, Stewart G"]
[Result "0-1"]
[WhiteElo "2244"]
[BlackElo "2536"]
[PlyCount "100"]
[EventDate "2011.01.09"]
[SourceDate "2011.01.07"]

1. d4 d5 2. Nf3 Nf6 3. Bf4 c5 4. c3 cxd4 5. cxd4 Nc6 6. Nc3 a6 7. e3 Bg4 8. h3
Bxf3 9. Qxf3 e6 10. Be2 Bd6 11. O-O h6 (11... Bxf4 12. Qxf4 O-O 13. Rfc1 Rc8 {
1/2-1/2 Ward,C (2473)-Pedersen,S (2427)/Copenhagen 1999}) 12. Qg3 (12. Na4 $5)
12... Bxf4 13. Qxf4 O-O 14. Rfc1 Rc8 15. Na4 Ne4 16. Nc5 Nxc5 17. Rxc5 Qb6 18.
b3 e5 {Diagrama #} 19. Qg3 (19. Qg4 $5 exd4 20. exd4 f5 21. Qg6 Rf6 22. Qg3)
19... exd4 20. Rxd5 Rce8 $15 21. Bf1 $6 (21. Rd7 dxe3 22. fxe3 Qxe3+ 23. Qxe3
Rxe3 24. Kf2 (24. Bf3 Ne5 25. Rxb7 Nxf3+ 26. gxf3 Rxf3 27. Ra7 Rc8 28. Rxa6 Rc2
$17) 24... Rfe8 25. Bf3 R8e7 26. Rad1 Kf8 $15) 21... dxe3 22. fxe3 Qxe3+ (22...
Rxe3 $1 23. Qf2 f5 24. Rad1 f4 $17) 23. Qxe3 Rxe3 24. Rad1 $6 (24. Rd7) 24...
Rfe8 $17 25. Rd6 R3e6 26. Rd7 R6e7 27. R7d6 Re6 28. Rd7 R8e7 29. R7d5 g6 30.
R1d2 Re1 31. Kf2 R1e5 32. Be2 Rxd5 33. Rxd5 Kf8 34. Bf3 Ke8 35. Rc5 Re6 36. g3
Ke7 37. h4 Kd6 38. Rd5+ Kc7 39. a3 Rd6 40. Rc5 (40. h5 Rxd5 41. Bxd5 Ne5 42.
Ke3 b6 43. hxg6 fxg6 $17) 40... Rd3 $19 41. Bxc6 bxc6 42. Ra5 Kb6 43. b4 Rd5
44. Ra4 Rf5+ 45. Ke2 g5 46. hxg5 hxg5 47. Ke3 g4 48. b5 Rf3+ 49. Kd2 axb5 50.
Rxg4 Rxa3 0-1

[Event "36 Abierto Ciudad de Sevilla"]
[Site "?"]
[Date "2011.01.09"]
[Round "3"]
[White "Sengupta, Deep"]
[Black "Barrantes Munoz, Hugo Pedro"]
[Result "1-0"]
[WhiteElo "2530"]
[BlackElo "2216"]
[PlyCount "46"]
[EventDate "2011.01.09"]
[SourceDate "2011.01.07"]

1. e4 e5 2. Nf3 Nc6 3. Bb5 a6 4. Ba4 Nf6 5. O-O Be7 6. Re1 b5 7. Bb3 d6 8. c3
O-O 9. d4 Bg4 10. Be3 exd4 11. cxd4 Na5 12. Bc2 Nc4 13. Bc1 c5 14. b3 Nb6 15.
Nbd2 cxd4 16. h3 Bh5 17. Bb2 Nfd7 18. Qb1 {se ha jugado 18.g4} Bf6 19. Nxd4 Rc8
20. f4 Qc7 21. Bd3 {Diagrama #} Nd5 $2 (21... Nc5) 22. exd5 Qb6 23. Bxh7+ Kh8 {
ilegible} 1-0

[Event "36 Abierto Ciudad de Sevilla"]
[Site "?"]
[Date "2011.01.09"]
[Round "3"]
[White "Medina Carrasco, Santiago"]
[Black "Teske, Henrik"]
[Result "0-1"]
[WhiteElo "2210"]
[BlackElo "2520"]
[PlyCount "72"]
[EventDate "2011.01.09"]
[SourceDate "2011.01.07"]

1. d4 Nf6 2. g3 d5 3. Bg2 c5 4. c3 cxd4 5. cxd4 Bf5 6. Nf3 Nc6 7. O-O e6 8. Nc3
Be7 9. Qb3 a6 10. Bf4 Na5 11. Qd1 O-O 12. Ne5 Rc8 13. Rc1 b5 14. a3 Qb6 15. g4
Bxg4 16. Nxg4 Nxg4 17. e4 Nf6 {Diagrama #} 18. e5 $6 (18. exd5 Nc4 (18... Nxd5
19. Nxd5 exd5 20. Rxc8 Rxc8 21. Bxd5 $11) 19. dxe6 Nxb2 20. Qe2 Nc4 21. exf7+
Rxf7 22. Nd5 $11) 18... Nd7 19. Qg4 f5 $6 (19... h5 $17) 20. Qg3 Kh8 21. Kh1
Qd8 (21... Qxd4) 22. Rg1 $2 (22. Ne2) 22... Bh4 23. Qf3 g5 24. Bg3 g4 25. Qe2
Bg5 26. f4 gxf3 27. Bxf3 Bxc1 28. Rxc1 f4 29. Bf2 Nc4 30. Rg1 Rg8 31. Rxg8+
Qxg8 32. Bh4 Ne3 33. Qf2 Qg6 34. Qg1 Qf5 35. Qg5 Qh3 36. Bg2 Nxg2 0-1

[Event "36 Abierto Ciudad de Sevilla"]
[Site "?"]
[Date "2011.01.09"]
[Round "3"]
[White "Urbina Perez, Juan Antonio"]
[Black "Paunovic, Dragan"]
[Result "0-1"]
[WhiteElo "2189"]
[BlackElo "2509"]
[PlyCount "70"]
[EventDate "2011.01.09"]
[SourceDate "2011.01.07"]

1. e4 c5 2. Nf3 e6 3. d4 cxd4 4. Nxd4 a6 5. Bd3 d6 6. Nc3 Nf6 7. Be3 Be7 8. O-O
Nbd7 9. f4 Qc7 10. Qf3 b5 11. a3 Bb7 12. Qg3 O-O 13. Rae1 Rac8 14. Kh1 Nc5 15.
Bd2 Nxd3 16. cxd3 Rfd8 17. Nf3 d5 18. e5 Nh5 19. Qh3 g6 20. d4 Qb6 21. g4 Ng7
22. Rg1 f5 23. exf6 Bxf6 24. Be3 b4 25. Na4 $6 (25. axb4 Qxb4 26. f5 exf5 27.
gxf5 Qxb2 28. Bg5 $14) 25... Qb5 26. Nc5 {Diagrama #} Rxc5 27. dxc5 d4 28. Bc1
d3 29. Bd2 bxa3 30. bxa3 Qxc5 31. Rgf1 Qxa3 32. Kg1 Qc5+ 33. Be3 Qd5 34. Nd2 $2
(34. Rc1 a5 $17) 34... Qh1+ 35. Kf2 Bh4+ 0-1

[Event "36 Abierto Ciudad de Sevilla"]
[Site "?"]
[Date "2011.01.09"]
[Round "3"]
[White "Campora Perez, Daniel"]
[Black "Gonzalez Garcia, Jose"]
[Result "0-1"]
[WhiteElo "2172"]
[BlackElo "2503"]
[PlyCount "38"]
[EventDate "2011.01.09"]
[SourceDate "2011.01.07"]

1. e4 c5 2. Nf3 e6 3. d4 cxd4 4. Nxd4 a6 5. Nc3 Qc7 6. a3 Nf6 7. Be2 b5 8. O-O
Bb7 9. Bd3 (9. Qd3) 9... d6 10. f4 Nbd7 11. Qe2 g6 12. f5 gxf5 13. exf5 e5 {
Diagrama #} 14. Bxb5 $2 axb5 15. Ncxb5 Qb6 16. Be3 Nd5 17. Rf2 Nxe3 18. Qxe3
Nf6 19. Qe2 Ne4 0-1

[Event "36 Abierto Ciudad de Sevilla"]
[Site "?"]
[Date "2011.01.09"]
[Round "3"]
[White "Perez Garcia, Roberto"]
[Black "Starostits, Ilmars"]
[Result "0-1"]
[WhiteElo "2158"]
[BlackElo "2494"]
[PlyCount "64"]
[EventDate "2011.01.09"]
[SourceDate "2011.01.07"]

1. e4 c5 2. Nf3 d6 3. d4 cxd4 4. Nxd4 Nf6 5. Nc3 g6 6. Be3 Bg7 7. f3 Nc6 8. Qd2
h5 9. Bc4 Bd7 10. O-O-O Na5 11. Be2 (11. Bb3 Rc8 12. Kb1 {
1-0 en 47 Klovans,J (2462)-Starostits,I (2450)}) 11... a6 12. Kb1 b5 13. Nd5
Nc4 14. Bxc4 bxc4 15. Bg5 $6 (15. Nxf6+ Bxf6 16. f4 $14) 15... Nxd5 16. exd5
O-O 17. c3 Rb8 18. Rhe1 Re8 {Diagrama #} 19. Nc6 $2 (19. Ka1) 19... Bxc6 20.
dxc6 Qc7 $17 21. g4 hxg4 22. fxg4 Rb5 23. Rc1 e6 24. Rc2 Qxc6 25. h4 Reb8 26.
Be7 Rd5 27. Qf2 Qb6 28. Rf1 Qxf2 29. Rcxf2 Rb7 30. Rxf7 Rd2 31. Rf8+ Bxf8 32.
Rxf8+ Kg7 0-1

[Event "36 Abierto Ciudad de Sevilla"]
[Site "?"]
[Date "2011.01.09"]
[Round "3"]
[White "Khamrakulov, Ibragim S."]
[Black "Barrenechea Bahamonde, Gustavo"]
[Result "1-0"]
[WhiteElo "2494"]
[BlackElo "2215"]
[PlyCount "57"]
[EventDate "2011.01.09"]
[SourceDate "2011.01.07"]

1. e4 c5 2. Nf3 Nc6 3. c3 Nf6 4. e5 Nd5 5. Bc4 Nb6 6. Bb3 g6 7. d4 cxd4 8. cxd4
Bg7 9. O-O O-O 10. Bf4 d6 11. exd6 Bg4 12. d5 Nd4 13. dxe7 (13. Nbd2) 13...
Qxe7 14. Nc3 {Diagrama #} Qf6 $2 (14... Bxf3 15. gxf3 Qf6 16. Bg3 Nxf3+ 17. Kh1
Rfe8 18. d6 $11 Rad8) 15. Qxd4 $18 Qxd4 16. Nxd4 Bxd4 17. h3 Bf5 18. Rad1 Bg7
19. d6 Rac8 20. Rfe1 Bd7 21. Re7 Bf6 22. Ne4 Bxb2 23. Be3 Bc6 24. Bxb6 axb6 25.
d7 Rcd8 26. Ng5 Bf6 27. Nxf7 Bxe7 28. Nxd8+ Kh8 29. Nf7+ 1-0

[Event "36 Abierto Ciudad de Sevilla"]
[Site "?"]
[Date "2011.01.09"]
[Round "3"]
[White "Campora, Daniel H."]
[Black "Diaz Castro, Sergio"]
[Result "1-0"]
[WhiteElo "2488"]
[BlackElo "2207"]
[PlyCount "63"]
[EventDate "2011.01.09"]
[SourceDate "2011.01.07"]

1. e4 g6 2. d4 Bg7 3. Nc3 d6 4. Be3 c6 5. Qd2 b5 6. f4 Nf6 7. e5 Ng4 8. Nf3
Nxe3 9. Qxe3 O-O 10. O-O-O Qa5 11. Kb1 b4 12. Ne4 Be6 13. b3 Rd8 14. Be2 Na6
15. Nfg5 Nc7 16. h4 c5 (16... Bd5) 17. Nxe6 {Diagrama #} fxe6 $2 (17... Nxe6
18. d5 Nd4 19. h5 Nxc2 20. Kxc2 Qxa2+ 21. Kc1 dxe5 22. f5 Qa1+ 23. Kc2 Qa2+ $11
) 18. h5 $16 cxd4 19. Qh3 dxe5 20. hxg6 exf4 (20... h6) 21. Qxh7+ Kf8 22. Rdf1
Nd5 23. Rh4 Qc7 24. Bd3 e5 25. g3 e6 26. gxf4 exf4 27. Nc5 Qe5 28. Rhxf4+ Nxf4
29. Rxf4+ Ke8 30. Re4 Qxc5 31. Qxg7 Rd7 32. Qg8+ 1-0

[Event "36 Abierto Ciudad de Sevilla"]
[Site "?"]
[Date "2011.01.09"]
[Round "3"]
[White "Aranaz Murillo, Amalia"]
[Black "Saric, Ante"]
[Result "0-1"]
[WhiteElo "2137"]
[BlackElo "2482"]
[PlyCount "98"]
[EventDate "2011.01.09"]
[SourceDate "2011.01.07"]

1. Nf3 d5 2. d4 Nf6 3. c4 c6 4. Qc2 dxc4 5. Qxc4 Bf5 6. g3 e6 7. Bg2 Nbd7 8.
Nc3 Be7 9. O-O O-O 10. Re1 Ne4 11. Qb3 Qb6 12. Nh4 Bxh4 13. gxh4 Ndf6 14. f3
Nxc3 15. bxc3 Qc7 (15... e5 16. e4 Be6 17. Qb2 Rfd8 18. Rd1 Rd7 19. Qf2 Rad8
20. Be3 Qa5 21. Rdc1 Bc4 22. Qg3 Re7 23. Kh1 Kh8 24. Bh3 Rg8 25. h5 h6 26. Qh4
exd4 27. cxd4 Be2 28. Qf2 Qxh5 29. Bg2 Ba6 30. Rc5 Qg6 31. Rg1 Nh7 32. Bf1 Qe6
33. Bxa6 bxa6 34. Rgc1 Nf6 35. Qh4 Rc8 36. Bxh6 gxh6 37. Re5 Ng8 38. Rxe6 Rxe6
39. d5 Rg6 40. e5 Rb8 41. d6 Re6 42. f4 {
1-0 Burmakin,V (2508)-Hole,O (2336)/Gausdal 2005}) 16. e4 Bg6 17. Be3 Nh5 18.
Reb1 (18. Rad1) 18... b6 19. a4 Nf4 20. Bf1 Bh5 21. Qd1 Ng6 22. Be2 Nxh4 23.
Qf1 Qe7 24. Qh3 f5 25. e5 g5 26. Bf2 Kh8 (26... Ng6 27. Bg3 Nh4 28. Bxh4 gxh4
29. Kh1 $14) 27. Kh1 Be8 28. Rg1 c5 {Diagrama #} 29. d5 $6 (29. dxc5 bxc5 30.
Bxh4 gxh4 31. Bb5 $11) 29... exd5 30. f4 $2 (30. Bxh4 gxh4 31. f4 Bc6 $17)
30... Ng6 $19 31. fxg5 Nf4 32. Qe3 Nxe2 33. Qxe2 d4 34. h4 dxc3 35. Be1 Qe6 36.
Bxc3 f4 (36... Rd8) 37. Qg4 Bc6+ 38. Kh2 Qb3 $2 (38... Qxg4) 39. Rac1 $2 (39.
Rgc1 $1 Kg8 40. g6 h6 $15) 39... Qa2+ 40. Kh3 Be4 (40... Rad8) 41. e6+ Kg8 42.
Bf6 Qb3+ (42... Rad8) 43. Kh2 Qa2+ 44. Kh3 Rae8 45. e7 Rxe7 46. Bxe7 Bf5 47.
Bxf8 Qa3+ 48. Kh2 Bxg4 49. Rge1 Qg3+ 0-1